| 000 | 01479nam0a2200349 4500 | ||
|---|---|---|---|
| 001 | RU\NLR\BIBL_A\011666696 | ||
| 005 | 20180503111234.0 | ||
| 010 |
_a978-5-9500967-1-6 _9500 |
||
| 021 |
_aRU _bКН-П-18-013839 _9КН-П-18-1000 |
||
| 035 | _a(NLR Aleph) 011666696 | ||
| 035 | _a(RuMoRGB)009555818 | ||
| 090 |
_a11213080 _c11213080 |
||
| 100 | _a20180329d2018 u y0rusy50 ca | ||
| 101 | 0 | _arus | |
| 102 | _aRU | ||
| 105 | _aac||w|||000zy | ||
| 200 | 1 |
_aПокаяния отверзи мне двери, Жизнодавче _eпоучения на Великий пост. О покаянии _fархиепископ Аверкий (Таушев) |
|
| 210 |
_aСевастополь _aМосква _cЦерковно-историческое общество _d2018 |
||
| 215 |
_a569, [1] с. _cил., портр. _d17 |
||
| 333 | _a12+ | ||
| 606 | 1 |
_aПокаяние _2nlr_sh1 _2nlr_sh2 _3RU\NLR\AUTH\661061974 |
|
| 606 | 1 |
_a"Великий пост" _2nlr_sh1 _2nlr_sh2 _3RU\NLR\AUTH\66188302 |
|
| 686 | 2 | _aЭ372.24-53 | |
| 686 | 2 | _aЭ372.24-503.263 | |
| 700 | 0 |
_aАверкий _cТаушев, Александр Павлович _cархиепископ Сиракузский и Троицкий _f1906-1976 _3RU\NLR\AUTH\778914 |
|
| 942 | _cBOOK | ||
| 980 | _aNBR | ||
| 980 | _aNB | ||